[Event "GM"]
[Site "Biel SUI"]
[Date "2005.07.20"]
[Round "4"]
[White "Pelletier, Y."]
[Black "Bauer, Ch"]
[Result "1-0"]
[WhiteElo "2603"]
[BlackElo "2641"]
[PlyCount "97"]
[EventDate "2005.07.17"]
[EventType "tourn"]
[EventRounds "10"]
[EventCountry "SUI"]
[EventCategory "15"]
[Source "Mark Crowther"]
[SourceDate "2005.07.25"]

1. d4 c5 2. d5 Nf6 3. c4 g6 4. Nc3 Bg7 5. e4 d6 6. Nf3 O-O 7. Be2 e6 8. O-O
exd5 9. cxd5 Na6 10. Nd2 Ne8 11. Re1 Nac7 12. f4 f5 13. Bf3 Bd4+ 14. Kh1 Nf6
15. exf5 gxf5 16. Nb3 Ng4 17. Bxg4 Bxc3 18. bxc3 fxg4 19. c4 Bf5 20. Bb2 Qd7
21. Qd2 h6 22. Qc3 Kh7 23. Nd2 Rae8 24. a4 h5 25. Nf1 h4 26. Re3 Rxe3 27. Nxe3
Be4 28. f5 Ne8 29. Rf1 Qg7 30. Rf4 Qxc3 31. Bxc3 Bd3 32. Rxg4 Bxf5 33. Rxh4+
Kg6 34. Rf4 Rf7 35. h4 Be6 36. Re4 Bd7 37. Kg1 Nf6 38. Bxf6 Rxf6 39. a5 b5 40.
Re7 Rf7 41. Rxf7 Kxf7 42. cxb5 Bxb5 43. Nf5 Bd3 44. Nxd6+ Kf6 45. Kf2 Ke5 46.
Ke3 Bf1 47. h5 Bxg2 48. h6 Kf6 49. Nf5 (49. Nf5 Kxf5 (49... Bxd5 50. h7) (49...
Kg6 50. d6 Bc6 51. Ne7+) 50. h7) 1-0

[Event "6th EICC"]
[Site "Warsaw POL"]
[Date "2005.06.26"]
[Round "8"]
[White "Ivanchuk, V."]
[Black "Movsesian, S."]
[Result "1-0"]
[WhiteElo "2739"]
[BlackElo "2628"]
[PlyCount "65"]
[EventDate "2005.06.18"]
[EventType "swiss"]
[EventRounds "13"]
[EventCountry "POL"]
[Source "Mark Crowther"]
[SourceDate "2005.06.27"]

1. e4 c5 2. Nf3 Nc6 3. d4 cxd4 4. Nxd4 Qc7 5. c4 Nf6 6. Nc3 Nxe4 7. Nxe4 Qe5 8.
Be3 Qxe4 9. Nb5 Qe5 10. Qd2 a6 11. f4 Qb8 12. Nc3 e6 13. O-O-O b5 14. cxb5 axb5
15. Bxb5 Qc7 16. f5 Be7 17. fxe6 fxe6 18. Rhf1 Bf6 19. Bc5 Qe5 20. Rxf6 Qxc5
21. Rxe6+ dxe6 22. Qd8+ Kf7 23. Qxh8 Qg5+ 24. Kb1 Bb7 25. Qxh7 Qxg2 26. Rf1+
Ke7 27. Qh4+ Kd6 28. Qf4+ e5 29. Rd1+ Kc7 30. Qf7+ Kb8 31. Qf8+ Kc7 32. Nd5+
Qxd5 33. Qxg7+ 1-0

[Event "6th EICC"]
[Site "Warsaw POL"]
[Date "2005.06.25"]
[Round "7"]
[White "Nisipeanu, LD."]
[Black "Milov, V."]
[Result "1-0"]
[WhiteElo "2670"]
[BlackElo "2653"]
[PlyCount "61"]
[EventDate "2005.06.18"]
[EventType "swiss"]
[EventRounds "13"]
[EventCountry "POL"]
[Source "Mark Crowther"]
[SourceDate "2005.06.27"]

1. e4 e6 2. d4 d5 3. Nc3 dxe4 4. Nxe4 Nd7 5. Nf3 Ngf6 6. Nxf6+ Nxf6 7. Bg5 h6
8. Be3 Bd6 9. Bd3 Bd7 10. Qe2 Bc6 11. O-O-O Qe7 12. c4 Bxf3 13. Qxf3 c5 14. d5
e5 15. Rde1 a6 16. g4 b5 17. g5 hxg5 18. Bxg5 bxc4 19. Bxc4 Rb8 20. b3 Kf8 21.
Re4 Rb6 22. Rg1 Bc7 23. Qg3 Qd6 24. Rh4 Rxh4 25. Qxh4 e4 26. Be3 g6 27. Kc2 Rb8
28. Bg5 Nh5 29. Bh6+ Ng7 30. Rg4 Qxh2 31. Qf6 (31. Qf6 Be5 (31... Qxh6 32. d6
Ne6 33. Bxe6 Kg8 34. Rxg6+ Qxg6 35. Qxg6+ Kh8 36. Bxf7 Rd8 37. Qh6#) 32. Bxg7+
Kg8 33. Qxe5 Qxf2+ 34. Kd1 Ra8 35. Bh6 Qf3+ 36. Kd2 Qf2+ 37. Kc3 Qd4+ 38. Qxd4
cxd4+ 39. Kxd4) 1-0

[Event "Frauen-EM"]
[Site "Chisinau, Moldova"]
[Date "2005.06.16"]
[Round "6.67"]
[White "Seps, Monika"]
[Black "Alexanian, Nelli"]
[Result "1-0"]
[WhiteElo "2116"]
[BlackElo "2211"]
[PlyCount "69"]
[EventDate "2005.06.11"]

1. e4 e6 2. d4 d5 3. Nd2 h6 4. e5 c5 5. c3 cxd4 6. cxd4 Qb6 7. Ndf3 Bd7 8. Bd3
Bb5 9. Ne2 Bb4+ 10. Kf1 Nc6 11. h4 Bxd3 12. Qxd3 h5 13. Rh3 Qa6 14. Qd1 Nh6 15.
Bxh6 Rxh6 16. Rg3 Bf8 17. Kg1 Qb6 18. Ng5 Be7 19. Rb3 Qa6 20. Nf4 g6 21. Nfh3
Qa4 22. Qf3 f6 23. Nxe6 Nxd4 24. Nxd4 Qxd4 25. exf6 Qxf6 26. Qxd5 Rd8 27. Qb5+
Qc6 28. Qe2 Kf8 29. Nf4 Rd6 30. Rc3 Qd7 31. Re1 Bxh4 32. Ne6+ Kg8 33. Rc7 Qe8
34. Qc4 b5 35. Ng5+ (35. Ng5+ Re6 36. Rxe6 Bxf2+ 37. Kh1 Qf8 38. Rxg6+ Kh8 39.
Qc3+) 1-0

[Event "TCh-ROM A"]
[Site "Tusnad ROM"]
[Date "2005.05.29"]
[Round "9"]
[White "Nisipeanu, LD."]
[Black "Iordachescu, V."]
[Result "1-0"]
[WhiteElo "2670"]
[BlackElo "2609"]
[PlyCount "99"]
[EventDate "2005.05.21"]
[EventType "team"]
[EventRounds "9"]
[EventCountry "ROM"]
[Source "Mark Crowther"]
[SourceDate "2005.06.06"]

1. e4 e5 2. Nf3 Nf6 3. Nxe5 d6 4. Nf3 Nxe4 5. d4 d5 6. Bd3 Nc6 7. O-O Be7 8.
Nc3 Bf5 9. Qe1 Bb4 10. Qe3 Bxc3 11. bxc3 O-O 12. c4 Re8 13. Ne5 Bg6 14. f4 f6
15. cxd5 fxe5 16. dxc6 exf4 17. Rxf4 Nf6 18. Qd2 bxc6 19. Bxg6 hxg6 20. Ba3 Qd5
21. Qd3 Re4 22. c4 Qe6 23. Rxe4 Qxe4 24. Qxe4 Nxe4 25. Re1 Re8 26. d5 cxd5 27.
cxd5 a6 28. Bb4 Nf6 29. Rxe8+ Nxe8 30. Ba5 Kf7 31. Kf2 Nf6 32. Bxc7 Nxd5 33.
Ba5 Ke6 34. Kf3 Kf5 35. Bd2 Nf6 36. Bc3 g5 37. h3 g4+ 38. hxg4+ Nxg4 39. Bxg7
Nh2+ 40. Ke3 Nf1+ 41. Ke2 Nh2 42. Kd3 Ng4 43. Kd4 Kf4 44. Kc5 Kg3 45. Kb6 Kxg2
46. Kxa6 Kf3 47. a4 Ne3 48. Kb5 Ke4 49. a5 Nd5 50. Bf8 (50. Bf8 Nc7+ 51. Kc6
Ne6 52. Bc5 Nd8+ 53. Kb6 Ne6 54. a6 Kd5 55. a7 Nxc5 56. a8=Q+ Kd4 57. Qd8+ Kc4
58. Qc7 Kd4 59. Qxc5+) 1-0

[Event "Mtel Masters"]
[Site "Sofia BUL"]
[Date "2005.05.14"]
[Round "3"]
[White "Adams, Mi"]
[Black "Kramnik, V."]
[Result "1-0"]
[WhiteElo "2737"]
[BlackElo "2753"]
[PlyCount "81"]
[EventDate "2005.05.12"]
[EventType "tourn"]
[EventRounds "10"]
[EventCountry "BUL"]
[EventCategory "20"]

1. e4 e5 2. Nf3 Nf6 3. Nxe5 {C42: Russische Verteidigung (Petrow)} d6 4. Nf3
Nxe4 5. d4 d5 6. Bd3 Nc6 7. O-O Be7 8. c4 Nb4 9. Be2 O-O 10. Nc3 Bf5 11. a3
Nxc3 12. bxc3 Nc6 13. Re1 Re8 14. cxd5 (14. Be3 Bf6 15. Nd2 Na5 16. cxd5 Qxd5
17. Qa4 Bd7 18. Qb4 Be7 19. Qb2 Bc6 20. Bf3 Qd7 21. Qa2 Rad8 22. a4 b6 23. h3
Bxf3 24. Nxf3 Qd5 25. Qxd5 {
1/2-1/2 Topalov,V-Anand,V/Wijk aan Zee NED 2005/The Week in Chess 534}) 14...
Qxd5 15. Bf4 Rac8 16. Bg3 $146 (16. Bd3 Qd7 17. Rb1 Bxd3 18. Qxd3 b6 19. d5 Bf6
20. c4 h6 21. h3 Rxe1+ 22. Rxe1 Ne7 23. Be5 Bxe5 24. Nxe5 Qd6 25. Qf3 Rf8 26.
Re3 a6 27. a4 b5 28. axb5 axb5 29. cxb5 Nxd5 30. Rd3 Qxe5 {
Quezada,Y-Dominguez,L/Santa Clara CUB 2005/The Week in Chess 546/1/2-1/2 (34)})
(16. h3 Be4 (16... h6 17. c4 Qe4 18. Bg3 Qc2 19. Qxc2 Bxc2 20. d5 Na5 21. Nd4
Ba4 22. Bg4 Ra8 23. Bxc7 Nxc4 24. Rac1 Nxa3 25. d6 Bf6 26. Rxe8+ Bxe8 27. Bf3
Bd7 28. Bxb7 Rf8 29. Bc6 Bxc6 30. Nxc6 Nb5 31. Ba5 {
Svidler,P-Landa,K/Katernberg GER 2005/The Week in Chess 542/1-0 (52)}) 17. Be3
Na5 18. c4 Nxc4 19. Bxc4 Qxc4 20. Nd2 Qd5 21. Nxe4 Qxe4 22. Bg5 Qxe1+ 23. Qxe1
Bxg5 24. Qa5 Bf6 25. Qxa7 c5 26. Qxb7 Bxd4 27. Ra2 c4 28. Re2 Red8 29. a4 c3
30. Qe4 Bb6 {Leko,P-Kramnik,V/Brissago SUI 2004/The Week in Chess 516/0-1 (65)}
) 16... Bf6 17. Nd2 Qa5 18. Qc1 Bxd4 19. cxd4 Nxd4 20. Bc4 Nc2 {
Die Angriffsmarke a3} 21. Rxe8+ Rxe8 22. Rb1 Re1+ 23. Qxe1 Nxe1 24. Rxe1 Kf8 (
24... Qxd2 $4 25. Re8#) 25. Nf3 (25. Re5 Qxd2 26. Rxf5 f6 $11) 25... f6 26. Rd1
Qc5 27. Bf1 Ke8 28. Nd4 Bd7 29. Rd3 a5 30. h3 b5 31. Nb3 Qxa3 32. Bxc7 a4 33.
Bd6 Qb2 34. Nc5 a3 $2 (34... Bc8 $142 $14) 35. Re3+ $18 Kf7 36. Nd3 (36. Nxd7
$6 a2 37. Re7+ Kg8 $11) 36... Qb1 37. Bxa3 Be6 (37... Bf5 38. Re7+ Kg8 39. Nc5
$18) 38. Nf4 b4 39. Bxb4 $1 (39. Rxe6 $2 bxa3 40. Ra6 a2 41. Ra7+ Ke8 $19) (39.
Nxe6 $6 bxa3 40. Nd8+ Kg6 41. Rxa3 Kh6 $18) 39... Qxb4 40. Nxe6 g6 41. g3 (41.
g3 g5 42. Be2 $18) 1-0

[Event "Capablanca Mem Elite"]
[Site "Havana CUB"]
[Date "2005.05.07"]
[Round "2"]
[White "Ivanchuk, V."]
[Black "Jobava, Ba"]
[Result "1-0"]
[WhiteElo "2739"]
[BlackElo "2637"]
[PlyCount "49"]
[EventDate "2005.05.06"]
[EventType "tourn"]
[EventRounds "14"]
[EventCountry "CUB"]
[EventCategory "15"]

1. d4 Nf6 2. Bg5 {A45: Damenbauernspiele (Trompowski-Angriff)} Ne4 3. Bf4 d5 4.
e3 c5 5. Bd3 Nc6 6. Bxe4 dxe4 7. d5 Nb4 8. Nc3 e6 9. d6 Nc6 10. Nge2 $146 (10.
Nxe4 f5 11. Bg5 Qb6 12. Nf6+ Kf7 13. Nxh7 Rxh7 14. d7 Be7 15. Nf3 Qxb2 16. O-O
Qb6 17. dxc8=Q Rxc8 18. Rb1 Qa5 19. Rxb7 Rc7 20. Qb1 Bd6 21. Rd1 Be5 22. Nxe5+
Nxe5 23. Bf4 {1-0 Speelman,J-Wang Yaoyao/Beijing 1997/CBM 61/[Speelman,J]}) (
10. Qd2 $142 Qa5 11. Bg3 $16 (11. Nxe4 $143 Qxd2+ 12. Kxd2 e5 $15)) 10... f5 $2
(10... e5 $142 11. Nb5 Bg4 (11... exf4 $2 12. Nc7+ Kd7 13. Nxa8 $18) 12. Nc7+
Kd7 13. Nxa8 exf4 $14) 11. Nb5 $18 Kf7 12. Nc7 Rb8 13. g4 fxg4 14. Ng3 Nb4 (
14... b6 15. Nxe4 (15. Qxg4 $2 e5 (15... Bxd6 $2 16. O-O-O e5 17. Nf5 $16) 16.
Qh5+ g6 $19) 15... Nb4 16. c3 $18) 15. a3 Nd5 (15... Nc6 16. Nxe4 Kg8 17. Qd3
$18 (17. Qxg4 $143 e5 18. Ne6 exf4 $18)) 16. Nxe4 (16. Nxd5 $142 $5 exd5 17.
Qxd5+ Be6 18. Qxc5 Rc8 $18) 16... Nxf4 17. exf4 Kg8 (17... b5 18. Qxg4 h5 19.
Qg3 $18) 18. Qxg4 (18. f5 $142 $5 Bd7 (18... exf5 $4 19. Qd5+ Be6 20. Qxe6#)
19. fxe6 Bc6 $18) 18... h5 19. Qg3 b5 (19... h4 20. Qg6 Rh6 $18) 20. Rg1 Rh6
21. O-O-O Kh8 (21... Bd7 22. Qe3 Kh8 23. Nxc5 $18) 22. Nxc5 b4 (22... Bd7 23.
N7a6 Rc8 24. Qg5 $18) 23. axb4 Rxb4 (23... Bd7 24. Qg5 Qc8 25. b5 $18) 24. d7
Rc4 (24... Bxd7 25. Rxd7 Qf6 $18) 25. N5xe6 (25. N5xe6 Rxc7 26. Nxd8 $18) (25.
N7xe6 Rxe6 26. Nxe6 Bxd7 27. Nxd8 Bf5 28. Nf7+ Kh7 29. Ng5+ Kg6 30. Ne4+ Bg4
31. Qd3 Rd4 32. Qa6+ Rd6 33. Rxd6+ Kf7 34. Qc4+ Ke8 35. Re1 Be6 36. Qxe6+ Be7
37. Nf6+ Kf8 38. Qxe7#) 1-0

[Event "4NCL"]
[Site "Nottingham "]
[Date "2005.05.02"]
[Round "11"]
[White "Sutovsky, E."]
[Black "Sokolov, I."]
[Result "1-0"]
[WhiteElo "2669"]
[BlackElo "2685"]
[PlyCount "73"]
[EventDate "2005.01.01"]
[EventType "team"]
[EventRounds "11"]
[EventCountry "ENG"]

1. e4 e5 2. Nf3 Nc6 3. Bb5 a6 4. Ba4 Nf6 5. O-O Nxe4 6. d4 b5 {
C82: Spanische Partie (Offene Verteidigung/Italienische Variante)} 7. Bb3 d5 8.
dxe5 Be6 9. Nbd2 Nc5 10. c3 Bg4 11. Bc2 Ne6 12. Re1 Bc5 {Schwarz plant d4} 13.
Nf1 (13. Nb3 Ba7 14. a4 Ne7 15. Be3 Bxe3 16. Rxe3 c5 17. Qb1 b4 18. Nh4 bxc3
19. bxc3 Rb8 20. Qe1 d4 21. Rg3 h5 22. cxd4 cxd4 23. h3 g5 24. Ng6 Nxg6 25.
Bxg6 fxg6 26. hxg4 hxg4 27. Qe4 Nf4 {
Efimenko,Z-Sokolov,I/Hofheim GER 2005/The Week in Chess 542/1/2-1/2 (34)})
13... Bh5 (13... Ne7 14. Ng3 h5 15. h3 h4 16. Nf1 Bh5 17. a4 b4 18. a5 bxc3 19.
bxc3 Qb8 20. Ra4 Qa7 21. Be3 g5 22. N1h2 Bxe3 23. Rxe3 Nf4 24. Qd2 Rg8 25. Re1
O-O-O 26. Nxg5 Ne2+ 27. Rxe2 Bxe2 28. Rxh4 {
Adams,M-Sokolov,I/Sarajevo 2000/CBM 77/[Mikhalevski,V]/1-0 (65)}) 14. b4 $146 (
14. Ng3 Bg6 15. h4 (15. Nf5 O-O 16. Be3 Qd7 17. Qd2 Rad8 18. Rad1 Rfe8 19. a4
Bxe3 20. Qxe3 bxa4 21. g4 Na5 22. Ra1 Nc4 23. Bxa4 c6 24. Qc1 Nc5 25. Bc2 Qc7
26. Qf4 f6 27. Nxg7 Bxc2 28. Nxe8 Rxe8 29. Qc1 Qc8 {
Handke,F-Gyimesi,Z/Linares 2002/CBM 87 ext/1/2-1/2 (43)}) 15... O-O 16. Bb3 h6
17. h5 Bh7 18. Bxd5 Qe8 19. Be4 Bxe4 20. Nxe4 Rd8 21. Qc2 Be7 22. Ng3 Qd7 23.
Nf5 Qd3 24. Qxd3 Rxd3 25. Be3 Re8 26. Rad1 Rdd8 27. N3d4 Nxe5 28. f4 Nxd4 {
Almasi,Z-Jussupow,A/Ubeda 1997/CBM 58/[Hansen,Cu]/1-0 (47)}) 14... Bb6 15. Ng3
Bg6 16. h4 d4 17. Bg5 (17. h5 Bxc2 18. Qxc2 Qd5 $14) 17... Bxc2 (17... Nxg5
$143 18. Nxg5 Bxc2 19. Qxc2 $14) 18. Qxc2 Qd5 19. Nh5 Qc4 20. Nd2 d3 (20... Qd5
21. Qf5 dxc3 22. Ne4 $14) 21. Qd1 $14 Qd5 $2 (21... Qxc3 22. Rc1 Qd4 23. Be3
$14 (23. Rxc6 $143 Qxf2+ 24. Kh1 Nxg5 25. Nxg7+ Kf8 $17)) 22. Ne4 $16 Kf8 $4 (
22... Qc4 23. Nhf6+ gxf6 24. Nxf6+ Ke7 $18) 23. Nef6 $18 gxf6 24. Nxf6 Qc4 25.
Re4 Ncd4 26. Bh6+ (26. cxd4 $6 Nxg5 27. hxg5 Rd8 $18) 26... Ke7 27. cxd4 Nxd4
28. Rc1 Qxa2 29. Rxd4 $1 Rhd8 (29... Bxd4 {Ablenkung von c7} 30. Rxc7+) 30. Rf4
(30. Qf3 $5 Rxd4 31. Bg5 Rb8 32. Nd5+ Kf8 33. Bh6+ Ke8 $18) 30... d2 31. Rc3
Qa4 (31... a5 32. Bg5 axb4 33. Rxb4 Qa1 $18) 32. Ng8+ (32. Nd5+ Ke8 33. Qxd2
Qa1+ 34. Kh2 Qa4 35. Rxc7 Rxd5 36. Re7+ Kxe7 37. Qxd5 Ra7 38. Rxf7+ Ke8 39.
Rf8+ Ke7 40. Qf7#) 32... Ke8 (32... Rxg8 33. Rxf7+ Kxf7 34. Qf3+ Ke6 35. Qf6+
Kd7 36. Qf7+ Kc8 37. Qxg8+ Kb7 38. Qd5+ Kb8 39. Qxd2 Qxb4 40. Be3 Qe7 41. Bxb6
cxb6 42. Rc6 Ra7 43. Rxb6+ Kc7 44. Qd4 b4 45. e6 b3 46. Rxb3 Rb7 47. Qf4+ Kc8
48. Rc3+ Rc7 49. Rxc7+ Qxc7 50. Qf8+ Kb7 51. e7 Qc4 52. Qf3+ Kb6 53. Qe3+ Qc5)
33. Nf6+ Ke7 34. Nd5+ $1 Rxd5 35. Rxf7+ {Beseitigt den Bauernschutz} Kd8 (35...
Kxf7 {Hinlenkung nach f7} 36. Qf3+ {Motiv: Doppelangriff}) 36. Rf8+ Ke7 37.
Bg5+ (37. Bg5+ Kxf8 38. Qf3+ Kg8 39. Qxd5+ Kg7 40. Bh6+ Kxh6 41. Qe6+ Kg7 42.
Qf6+ Kg8 43. Rg3#) 1-0

[Event "Russ. Team-Meisterschaft"]
[Site "Sochi "]
[Date "2005.04.20"]
[Round "2"]
[White "Moiseenko, A."]
[Black "Svidler, P."]
[Result "0-1"]
[WhiteElo "2665"]
[BlackElo "2725"]
[PlyCount "80"]
[EventDate "2005.04.19"]
[EventType "team"]
[EventRounds "9"]
[EventCountry "RUS"]

1. d4 Nf6 2. c4 g6 3. Nc3 d5 4. Bg5 Ne4 {Grünfeld-Verteidigung (5.Lg5)} 5. Bh4
Nxc3 6. bxc3 dxc4 7. e3 Be6 8. Nf3 Bg7 9. Rb1 b6 10. Nd2 O-O 11. Be2 c5 $146 (
11... Qd7 12. O-O c5 13. Bxc4 Bxc4 14. Nxc4 cxd4 15. cxd4 Rc8 16. Qf3 Nc6 17.
Rfc1 e6 18. Bg3 Bf8 19. Nd2 f5 20. h4 Nb4 21. Rc4 Nxa2 22. Rb2 Nc1 23. Rbc2 Nd3
24. Rc7 Qe8 25. R2c3 Nb4 26. e4 {
Dreev,A-Huzman,A/Calvia ESP 2004/The Week in Chess 520/1-0 (55)}) (11... a6 $5
$11) 12. Bf3 $14 cxd4 13. cxd4 (13. Bxa8 dxc3 14. Nf3 $14) 13... Nd7 $11 14.
Bxa8 Qxa8 15. O-O c3 16. Nf3 (16. Bxe7 $2 Re8 (16... cxd2 17. Bxf8 Qxf8 18.
Qxd2 $14) 17. Bb4 cxd2 18. Qxd2 a5 $19) 16... Rc8 17. Qa4 (17. Bxe7 $4 c2 (
17... Bxa2 $6 18. Rc1 $11) 18. Qc1 cxb1=Q 19. Qxb1 Bd5 $19) 17... Nf6 18. Rfc1
Nd5 19. Qc2 a5 20. a3 Qa6 21. Bg3 Bh6 22. Re1 (22. Ra1 b5 $11) 22... b5 23. e4
$2 (23. Bh4 $5 $11) 23... b4 $17 24. Ne5 $2 (24. Nh4 Qc4 25. Be5 $19) 24... Bd2
$19 25. Rf1 (25. Rec1 Bxc1 26. exd5 Bf5 27. Qxc1 Bxb1 $19) 25... Qb5 26. a4 Qb7
(26... Qe2 27. exd5 Bf5 28. Qd1 $19) 27. Nf3 Bh6 28. h4 $2 (28. Bh4 $142 $19)
28... Nb6 29. d5 (29. Ne5 Bd7 30. Ra1 Nc4 $19) 29... Bd7 30. Ra1 Nxa4 (30...
Bxa4 31. Rxa4 Nxa4 32. Qxa4 $19) 31. Nd4 (31. Rxa4 $4 b3 32. Rxa5 bxc2 $19)
31... Qb6 32. Nb3 Bb5 33. Rfb1 Nc5 34. Nxc5 Rxc5 (34... Qxc5 $6 35. Rxa5 Qc4
36. Ra2 $19) 35. Be5 (35. h5 Rc4 (35... gxh5 $143 36. Bh4 $19) 36. hxg6 hxg6
$19) 35... Rc8 36. Rd1 {Jetzt hängt d6 in der Luft} (36. g4 f6 37. g5 fxe5 38.
gxh6 $19) 36... a4 37. d6 (37. Bd4 Qa6 38. f4 b3 $19) 37... b3 38. d7 Bxd7 $1 (
38... bxc2 $4 39. dxc8=Q+ Bf8 40. Rd8 Qxd8 41. Qxd8 $18) 39. Qd3 (39. Rxd7 bxc2
) 39... Bb5 40. Qh3 Qe6 (40... Qe6 41. Qxc3 Rxc3 42. Bxc3 Qxe4 43. Rd8+ Bf8 $19
) 0-1

[Event "7.Dubai Open"]
[Site "Dubai "]
[Date "2005.04.12"]
[Round "9"]
[White "Solak, D."]
[Black "Sargissian, G."]
[Result "1-0"]
[WhiteElo "2582"]
[BlackElo "2630"]
[PlyCount "41"]
[EventDate "2005.04.04"]
[EventType "swiss"]
[EventRounds "9"]
[EventCountry "UAE"]

1. c4 Nf6 2. Nc3 c5 3. g3 e6 4. Nf3 b6 5. Bg2 Bb7 6. O-O Be7 7. d4 cxd4 8. Nxd4
Bxg2 9. Kxg2 Qc7 10. Qd3 a6 11. Qf3 Ra7 12. Be3 O-O 13. Rac1 Rc8 14. Na4 Bc5
15. b4 Bxb4 16. Nb5 axb5 17. cxb5 Rxa4 18. Rxc7 Rxc7 19. Bxb6 Rc4 20. Qb7 Bd6
21. Bc7 1-0

[Event "Dän. Meisterschaft"]
[Site "Koge DEN"]
[Date "2005.03.26"]
[Round "4.1"]
[White "Hansen, SuB"]
[Black "Hansen, Cu"]
[Result "1-0"]
[WhiteElo "2553"]
[BlackElo "2633"]
[PlyCount "57"]
[EventDate "2005.03.20"]
[EventType "k.o."]
[EventRounds "4"]
[EventCountry "DEN"]

1. e4 c5 2. Nf3 d6 3. d4 cxd4 4. Nxd4 Nf6 5. Nc3 e6 6. Be2 Be7 7. O-O Nc6 8.
Kh1 O-O 9. f4 Bd7 10. Nb3 Qc7 11. Bf3 Rfd8 12. Qe2 Be8 13. Bd2 a6 14. Rae1 b5
15. Nd5 exd5 16. exd5 Nxd5 17. Bxd5 Bf6 18. Ba5 Nxa5 19. Bxa8 h6 20. Bd5 Bxb2
21. Nxa5 Qxa5 22. Rf3 Bd7 23. Qe7 Be6 24. Rxe6 fxe6 25. Qxe6+ Kh7 26. c3 b4 27.
Rh3 Bxc3 28. Be4+ Kh8 29. Qf7 (29. Qf7 Qb5 (29... Qc7 30. Qg6 Kg8 31. Rxh6 Kf8
32. Bd5 Re8 33. Rh8+ Ke7 34. Qxe8+ Kf6 35. Qe6#) 30. Rxh6+ gxh6 31. Qh7#) 1-0

[Event "Acropolis GM Open"]
[Site "Athens GRE"]
[Date "2005.03.14"]
[Round "9"]
[White "Nikolaidis, I."]
[Black "Inarkiev, E."]
[Result "0-1"]
[WhiteElo "2520"]
[BlackElo "2602"]
[PlyCount "60"]
[EventDate "2005.03.06"]
[EventType "swiss"]
[EventRounds "9"]
[EventCountry "GRE"]
[Source "Mark Crowther"]
[SourceDate "2005.03.21"]

1. d4 Nf6 2. c4 g6 3. Nc3 Bg7 4. e4 d6 5. Be2 O-O 6. Be3 Na6 7. g4 c5 8. d5 Nc7
9. g5 Nd7 10. h4 b5 11. cxb5 a6 12. a4 axb5 13. axb5 Rxa1 14. Qxa1 Bb7 15. Qd1
Nb6 16. h5 e6 17. dxe6 Nxe6 18. Nf3 d5 19. exd5 Bxc3+ 20. bxc3 Nxd5 21. Qc1
Nxe3 22. Qxe3 Re8 23. hxg6 hxg6 24. Kf1 Qa8 25. Rh4 Nd4 26. Qxe8+ Qxe8 27. cxd4
c4 28. Ne5 c3 29. Rh3 c2 30. Rc3 Qa8 0-1

[Event "XXII SuperGM"]
[Site "Linares ESP"]
[Date "2005.03.10"]
[Round "14"]
[White "Topalov, V."]
[Black "Kasparov, G."]
[Result "1-0"]
[WhiteElo "2757"]
[BlackElo "2804"]
[PlyCount "59"]
[EventDate "2005.02.23"]
[EventRounds "14"]
[EventCountry "ESP"]
[EventCategory "20"]

1. e4 c5 2. Nf3 Nc6 3. Nc3 e5 4. Bc4 d6 5. d3 {Anti-Sweshnikovvariante} Be7 6.
O-O Nf6 7. Nh4 $146 (7. h3 O-O 8. a3 a6 (8... Nd7 9. Nd5 Nb6 10. Ba2 Nxd5 11.
Bxd5 Bf6 12. Be3 Ne7 13. Ba2 Ng6 14. c3 Bd7 15. Re1 Bc6 16. Rc1 a5 17. Qd2 a4
18. Bb1 Qa5 {
1/2-1/2 Ehlvest,J-Shabalov,A/Stratton Mt USA 2004/The Week in Chess 502}) 9.
Ba2 Be6 10. Nd5 Nd4 11. Ne3 Nd7 12. c3 Nxf3+ 13. Qxf3 Bg5 14. Rd1 Qf6 15. Qxf6
Nxf6 16. Bxe6 fxe6 17. Nc4 Bxc1 18. Raxc1 Rad8 19. b4 b5 20. Na5 Rc8 21. c4
cxb4 {Morozevich,A-Leko,P/Dortmund 2002/CBM 90/1/2-1/2 (55)}) (7. Bg5 O-O 8.
Bxf6 Bxf6 9. Nd5 Bg5 10. a3 b6 11. b4 Bh6 12. c3 Ne7 13. bxc5 bxc5 14. Rb1 Kh8
15. Nxe7 Qxe7 16. Bd5 Be6 17. Bxa8 Rxa8 18. Rb2 Re8 19. Nd2 f5 20. Qe2 Bg5 21.
Rfb1 Bc8 {Anand,V-Leko,P/Dortmund GER 2004/The Week in Chess 508/1-0}) (7. a3
O-O 8. Nd5 Nxd5 9. Bxd5 Be6 10. Bd2 Bf6 11. c4 Qd7 12. b4 b6 13. bxc5 bxc5 14.
Qa4 Rfc8 15. Rfb1 Bd8 16. Rb2 h6 17. Rab1 Bb6 18. Ne1 Qe8 19. Nc2 Bd7 20. Ne3
Nd4 21. Qd1 Rab8 {
Yemelin,V-Alekseev,E/Dagomys RUS 2004/The Week in Chess 494/1/2-1/2}) (7. Nd5
O-O $14) 7... Nd4 8. g3 (8. Nb5 O-O $11) 8... Bg4 (8... O-O 9. Ng2 $17) 9. f3
$15 Be6 10. Bg5 Ng8 (10... O-O 11. Qd2 $15) 11. Bxe7 $11 Nxe7 (11... Qxe7 $143
12. Nd5 Bxd5 13. Bxd5 $14) 12. f4 exf4 13. Bxe6 (13. Rxf4 $2 g5 14. Bxe6 gxf4
15. Bxf7+ Kxf7 16. Qh5+ Kg7 17. Qg4+ Ng6 18. Nf5+ Nxf5 19. exf5 fxg3 20. hxg3
Rg8 $19) 13... fxe6 14. Rxf4 Kd7 15. Nf3 Rf8 (15... Qb6 16. Ng5 Rhf8 17. Na4
$11) 16. Rxf8 Qxf8 17. Nxd4 cxd4 18. Ne2 Qf6 19. c3 Rf8 20. Nxd4 Nc6 21. Qf1
Qxf1+ $2 (21... Qd8 $142 22. Qc1 Qb6 $11) 22. Rxf1 $18 Rxf1+ 23. Kxf1 Nxd4 24.
cxd4 d5 (24... Kc6 25. Kf2 $18) 25. Kf2 Ke7 26. Kf3 Kf6 27. h4 g6 28. b4 b5 $6
(28... a6 $18) 29. Kf4 h6 30. Kg4 (30. Kg4 Ke7 31. exd5 exd5 32. h5 $18) 1-0

[Event "XXII SuperGM"]
[Site "Linares ESP"]
[Date "2005.03.04"]
[Round "9"]
[White "Kasimdzhanov, R."]
[Black "Kasparov, G."]
[Result "0-1"]
[WhiteElo "2678"]
[BlackElo "2804"]
[PlyCount "72"]
[EventDate "2005.02.23"]
[EventRounds "14"]
[EventCountry "ESP"]
[EventCategory "20"]

1. d4 d5 2. c4 c6 3. Nc3 Nf6 4. e3 e6 5. Nf3 Nbd7 6. Bd3 dxc4 7. Bxc4 b5 {
Meraner Variante} 8. Bd3 Bb7 9. O-O a6 10. e4 c5 11. d5 Qc7 {Will c4 spielen}
12. dxe6 fxe6 13. Bc2 c4 14. Nd4 Nc5 {Alles auf e4!} 15. Be3 (15. Qe2 Bd6 16.
f4 e5 17. Nf5 O-O 18. Nxd6 Qxd6 19. fxe5 Qxe5 20. Rf5 Qc7 21. Bg5 Nfxe4 22.
Rxf8+ Rxf8 23. Nxe4 Qe5 24. Nf6+ gxf6 25. Bxh7+ Kxh7 26. Qh5+ Kg8 27. Qg6+ {
1/2-1/2 Kasparov,G-Akopian,V/Yerevan 1996/EXT 97}) 15... e5 (15... O-O-O 16.
Qe2 e5 17. Nf3 Nd3 18. a4 b4 19. Nd5 Nxd5 20. exd5 e4 21. Nd2 b3 22. Bxd3 cxd3
23. Qg4+ Qd7 24. Qf4 Bxd5 25. Rfc1+ Kb7 26. Qe5 Be7 27. Nxe4 Rhe8 28. Qd4 Ka8
29. Nd6 Bxd6 30. Qxd5+ {
Nakamura,H-Lastin,A/Tripoli LBA 2004/The Week in Chess 503/1-0 (52)}) 16. Nf3
Be7 $146 {Eine Neuerung} (16... Ncxe4 17. Nxe4 Nxe4 18. Re1 Bd6 19. Bxe4 Bxe4
20. Ng5 Bd3 21. Qf3 O-O-O 22. Qa8+ Kd7 23. Qxa6 Rb8 24. Nf7 Rhf8 25. Nxd6 Qxd6
26. Qa5 Ke6 27. f4 Ra8 28. fxe5 Rxa5 29. exd6 Kxd6 30. Bd2 Ra4 31. a3 {
Gelfand,B-Bareev,E/Novgorod 1997/CBM 60/[Lutz]/1/2-1/2 (100)}) (16... Rd8 17.
Qe2 Nd3 (17... Be7 18. a4 Ncxe4 19. Nxe4 Bxe4 20. Bxe4 Nxe4 21. axb5 axb5 22.
Ra7 Qd6 23. Bd4 Ng5 24. Nxe5 O-O 25. Nc6 Nf3+ 26. Qxf3 Rxf3 27. Nxe7+ Kf8 28.
Bxg7+ Ke8 29. Nc6 Qe6 30. Nxd8 Kxd8 31. gxf3 Qg6+ 32. Kh1 {
Alterman,B-Gabriel,C/Bad Homburg 1997/CBM 60/[Petursson]/1-0 (42)}) 18. Rad1
Bb4 19. Bxd3 cxd3 20. Rxd3 Rxd3 21. Qxd3 Bxc3 22. Qxc3 Qxc3 23. bxc3 Nxe4 24.
Rc1 Ke7 25. Nxe5 Rc8 26. Bd4 b4 27. c4 Rd8 28. Nf3 g6 29. Bb6 Rc8 30. Ba5 Kf6
31. Bxb4 {Schandorff,L-Luther,T/Panormos 2001/CBM 84 ext/1/2-1/2 (113)}) 17.
Ng5 O-O 18. Bxc5 Bxc5 19. Ne6 Qb6 20. Nxf8 Rxf8 21. Nd5 (21. Qe2 Qe6 $11) 21...
Bxd5 22. exd5 Bxf2+ 23. Kh1 (23. Rxf2 {Motiv: Hinlenkung-> f2} Ng4 {
Motiv: Abzugsangriff}) 23... e4 24. Qe2 e3 25. Rfd1 Qd6 {
Nimmt den isolierten Bauern d5 ins Visier} 26. a4 (26. Rd4 $5 $15) 26... g6 $17
(26... Nxd5 27. axb5 axb5 28. Qh5 $14) 27. axb5 axb5 28. g3 $2 (28. Rd4 $142
$17) 28... Nh5 $19 29. Qg4 Bxg3 30. hxg3 (30. Qe6+ Qxe6 31. dxe6 e2 32. hxg3
exd1=Q+ 33. Rxd1 Nxg3+ 34. Kg2 Nh5 $19) 30... Nxg3+ 31. Kg2 (31. Kg1 e2 32.
Qe6+ Qxe6 33. dxe6 exd1=Q+ 34. Bxd1 $19) 31... Rf2+ 32. Kh3 Nf5 33. Rh1 h5 34.
Qxg6+ Qxg6 35. Rhg1 Qxg1 (35... Rxc2 $2 36. Rxg6+ Kh7 37. Re6 Rxb2 38. Ra7+ Ng7
39. Rxe3 $18) 36. Rxg1+ Kf7 (36... Kf7 37. Bxf5 Rxf5 $19) 0-1